[Event "10th KIIT Elite Open 2017"]
[Site "masterchessopen.com Bhubaneswar IND"]
[Date "2017.05.30"]
[Round "7.18"]
[White "Fenil,S"]
[Black "Shyam,N"]
[Result "0-1"]
[WhiteElo "2252"]
[BlackElo "2457"]

1.d4 Nf6 2.Nf3 g6 3.Nbd2 d5 4.e3 Bg7 5.b4 O-O 6.Bb2 c6 7.c4 a5 8.b5 dxc4
9.Bxc4 Ne8 10.a4 Nd6 11.bxc6 Nxc4 12.cxb7 Bxb7 13.Nxc4 Ba6 14.Rc1 Nc6 15.O-O
Nb4 16.e4 Na2 17.Rc2 Nb4 18.Rc1 Na2 19.Rc2 Rc8 20.Qe2 Qe8 21.Ba3 Qxa4 22.Bc5
Rxc5 23.dxc5 Nc3 24.Qd2 Qxc4 25.Re1 Nxe4 26.Rxc4 Nxd2 27.Nxd2 Bxc4 28.Nxc4 Rc8
29.Nxa5 Bc3 {#R} 0-1

[Event "10th Mayors Cup Open 2017"]
[Site "masterchessopen.com Mumbai IND"]
[Date "2017.06.05"]
[Round "3.5"]
[White "Neelotpal,D"]
[Black "Singh,Ne"]
[Result "1-0"]
[WhiteElo "2438"]
[BlackElo "1922"]

1.Nf3 Nf6 2.g3 g6 3.Bg2 Bg7 4.d4 O-O 5.O-O d6 6.b3 c5 7.Bb2 cxd4 8.Nxd4 Qb6
9.c4 Nc6 10.e3 Bd7 11.Nc3 a6 12.Qd2 Rfe8 13.Rad1 Rac8 14.Nce2 a5 15.Nc3 Nb4
16.Qe2 Na6 17.Ba1 Bc6 18.Nxc6 bxc6 19.Na4 Qa7 20.Qd2 Nc5 21.Nxc5 Qxc5 22.Bc3
a4 23.Bd4 Qa3 24.Qc2 axb3 25.axb3 Qb4 26.Ra1 e5 27.Bc3 Qb6 28.b4 d5 29.c5 Qb7
30.Ra4 Ra8 31.Rfa1 Nd7 32.Qd1 e4 33.Rxa8 Rxa8 34.Bxg7 Kxg7 35.Rxa8 Qxa8
36.Bxe4 Qb7 37.Qd4+ f6 38.Bd3 Nf8 39.h4 Ne6 40.Qc3 Kf7 41.Be2 Nc7 42.Qa3 Kg7
43.Qa5 Ne6 44.Bg4 f5 45.Be2 Kf7 46.h5 g5 47.Bd3 Kf6 48.Qa1+ d4 49.Qb2 Qd7
50.Bc4 Ng7 51.exd4 Nxh5 52.d5+ Kg6 53.Qe5 cxd5 54.Qxd5 Qa4 55.Qe6+ Kg7 56.Qe7+
Kh6 57.Qf8+ Ng7 58.Qf6+ Kh5 59.Be2+ g4 60.Qf7+ Kh6 61.Qf6+ Kh5 62.Bc4 {#r} 1-0

[Event "10th Mayors Cup Open 2017"]
[Site "masterchessopen.com Mumbai IND"]
[Date "2017.06.04"]
[Round "1.33"]
[White "Ziatdinov,R"]
[Black "Kamdar,Udit"]
[Result "1-0"]
[WhiteElo "2291"]
[BlackElo "2028"]

1.d4 Nf6 2.Nf3 g6 3.g3 Bg7 4.Bg2 d6 5.O-O O-O 6.b3 Nc6 7.Bb2 a6 8.c4 Rb8 9.d5
Na5 10.Qe1 c5 11.Bc3 b6 12.e4 e5 13.dxe6 Bxe6 14.e5 dxe5 15.Nxe5 Qc7 16.Nd2
Rfe8 17.Qc1 Bf5 18.Qb2 Re6 19.f4 h5 20.Nef3 Rd8 21.Rae1 Qe7 22.Rxe6 fxe6
23.Nh4 Ng4 24.Re1 Rd3 25.Bxg7 Qxg7 26.Qxg7+ Kxg7 27.Nf1 Kf6 28.Nxf5 gxf5 29.h3
Nh6 30.Kf2 Rd4 31.Ke3 Nf7 32.Bf3 h4 33.gxh4 e5 34.fxe5+ Nxe5 35.Bg2 Nac6 36.h5
Nb4 37.Ke2 Nxa2 38.Ne3 Nc3+ 39.Kf1 Nd3 40.Ra1 Nb4 41.Kg1 Kg5 42.h6 Rh4 43.Rf1
Ne2+ 44.Kh2 Nd4 45.Bb7 Rxh6 46.Bc8 Rf6 47.Ng2 Rf8 48.h4+ Kf6 49.Bb7 Nxb3
50.Nf4 Nd4 51.Rg1 Rb8 52.Bh1 a5 53.h5 a4 54.h6 Rh8 55.Rg6+ Ke5 56.Kg3 a3
57.Rxb6 Ne2+ 58.Nxe2 a2 59.Bd5 Re8 60.h7 Nxd5 61.cxd5 a1=Q 62.Re6+ Kxd5
63.Nf4+ Kc4 64.Rxe8 Qg7+ 65.Kf3 Qxh7 {#r} 1-0

[Event "10th KIIT Elite Open 2017"]
[Site "masterchessopen.com Bhubaneswar IND"]
[Date "2017.06.02"]
[Round "10.6"]
[White "Ravi,TeS"]
[Black "Amonatov,F"]
[Result "0-1"]
[WhiteElo "2369"]
[BlackElo "2632"]

1.d4 Nf6 2.Nf3 g6 3.g3 Bg7 4.Bg2 O-O 5.O-O c5 6.d5 d6 7.Nc3 e6 8.Nd2 exd5
9.Nxd5 Nbd7 10.Nc4 Nxd5 11.Qxd5 Nb6 12.Nxb6 Qxb6 13.Qb3 Re8 14.e3 Qc7 15.c4
Be6 16.Bd2 b5 17.Qxb5 Rab8 18.Qa4 Bxb2 19.Rab1 Qe7 20.Qc2 Qf6 21.Qd3 Bf5 22.e4
Be6 23.Qc2 Bd4 24.Rb3 Bd7 25.Rf3 Qe6 26.Ra3 Rb7 27.Qd3 Bc6 28.Bc3 Bxc3 29.Qxc3
Rb4 30.Rc1 Re7 31.Rb3 a5 32.Qd2 Reb7 33.Rd3 Rxc4 34.Rd1 Rd7 35.Qxa5 h5 36.Re1
Rc2 37.Qb6 Bb7 38.a4 c4 39.Rde3 Qe5 40.Rb1 c3 41.a5 Rd2 42.a6 c2 43.axb7 Rxb7
44.Qxb7 Rd1+ 45.Rxd1 cxd1=Q+ 46.Bf1 h4 47.Rd3 Qe1 48.Re3 Qc1 49.Rf3 Qe6
50.gxh4 Qec4 51.Qb8+ Kh7 52.Rxf7+ Qxf7 53.Qxd6 Qcf4 54.Qd4 {#R} 0-1

[Event "6th CHN w Masters 2017"]
[Site "masterchessopen.com Wuxi CHN"]
[Date "2017.06.01"]
[Round "6.4"]
[White "Zhou,Zirun"]
[Black "Lei Tingjie"]
[Result "0-1"]
[WhiteElo "1984"]
[BlackElo "2482"]

1.d4 Nf6 2.Nf3 g6 3.g3 c5 4.Bg2 Bg7 5.O-O cxd4 6.Nxd4 d5 7.c4 O-O 8.cxd5 Nxd5
9.Nb5 a6 10.Bxd5 axb5 11.Qb3 Nc6 12.e3 Bg4 13.Bd2 Bxb2 14.Bxf7+ Rxf7 15.Qxb2
Bh3 16.Re1 Qd5 17.e4 Qh5 18.f4 e5 19.Nc3 Nd4 20.Be3 Nf3+ 21.Kh1 Nxe1 22.Rxe1
exf4 23.gxf4 b4 24.Nd5 Qf3+ 25.Kg1 Qxe4 26.Rd1 Qf3 27.Qd2 b3 28.axb3 Ra2 {#R}
0-1

[Event "10th Mayors Cup Open 2017"]
[Site "masterchessopen.com Mumbai IND"]
[Date "2017.06.04"]
[Round "1.24"]
[White "Dahale,A"]
[Black "Saravana,Kr"]
[Result "0-1"]
[WhiteElo "2080"]
[BlackElo "2345"]

1.d4 Nf6 2.c4 Nc6 3.Nf3 e6 4.a3 d6 5.Nc3 g6 6.e4 Bg7 7.h3 O-O 8.Be3 Re8 9.Be2
e5 10.d5 Nd4 11.Nxd4 exd4 12.Bxd4 Nxe4 13.Bxg7 Kxg7 14.Qd4+ Qf6 15.Qxf6+ Kxf6
16.Nb5 Re7 17.O-O-O Bd7 18.Nd4 Kg7 19.Rhf1 a5 20.Bd3 Nc5 21.Bc2 Rae8 22.Kd2
Ne4+ 23.Bxe4 Rxe4 24.Kd3 R4e5 25.Kc3 a4 26.Nf3 Re2 27.Rde1 c5 28.Rxe2 Rxe2
29.Nd2 h5 30.Kd3 Re8 31.Ne4 Bf5 32.f3 h4 33.b3 axb3 34.Rb1 Ra8 35.Rxb3 Ra4
36.Ke3 Bxe4 37.fxe4 Rxc4 38.Rxb7 Rc3+ 39.Kf2 Kf6 40.Rd7 Ke5 41.Re7+ Kf6 42.Rd7
Ke5 43.Re7+ Kd4 44.e5 Kxd5 45.exd6 Kxd6 46.Rxf7 Rxa3 47.Rf6+ Kd5 48.Rxg6 c4
49.Ke2 Ra2+ 50.Ke3 Kc5 51.Rg4 Kb4 52.Rxh4 Rxg2 53.Rh8 c3 54.h4 Rh2 55.Kd3 c2
56.Rc8 Kb3 57.h5 Kb2 58.Rb8+ Kc1 59.Ke4 Rxh5 {#R} 0-1

[Event "10th Mayors Cup Open 2017"]
[Site "masterchessopen.com Mumbai IND"]
[Date "2017.06.04"]
[Round "1.28"]
[White "Pranav,Anand"]
[Black "Rathanvel,V"]
[Result "0-1"]
[WhiteElo "2068"]
[BlackElo "2361"]

1.d4 Nf6 2.c4 Nc6 3.Nc3 e5 4.d5 Ne7 5.e4 Ng6 6.a3 Bc5 7.Bd3 a6 8.Nf3 d6 9.h3
O-O 10.Nh2 Qe7 11.O-O Bd7 12.Qe2 Rae8 13.Bd2 h6 14.Rae1 Nh7 15.Kh1 Ng5 16.Qh5
Nf4 17.Bxf4 exf4 18.h4 Nh7 19.e5 dxe5 20.Nf3 Bd6 21.Bxh7+ Kxh7 22.c5 g6
23.Ng5+ Kg7 24.cxd6 cxd6 25.Qd1 hxg5 26.Qb3 Rh8 27.g3 f3 28.Qxb7 g4 29.Nd1
Qxh4+ {#R} 0-1

[Event "11th BPB Limburg Open"]
[Site "masterchessopen.com Maastricht NED"]
[Date "2017.06.02"]
[Round "1.5"]
[White "Fier,A"]
[Black "Van Meegen,R"]
[Result "1-0"]
[WhiteElo "2576"]
[BlackElo "2241"]

1.d4 Nf6 2.c4 c5 3.d5 b5 4.Nf3 bxc4 5.Nc3 g6 6.e4 d6 7.Bxc4 Bg7 8.h3 O-O 9.Qe2
Qb6 10.O-O Ba6 11.e5 Bxc4 12.Qxc4 dxe5 13.Nxe5 Nfd7 14.Nf3 Na6 15.Re1 Rfe8
16.Ng5 h6 17.Nxf7 Kxf7 18.Re6 Qb7 19.Rxa6 Nb6 20.Qb5 Red8 21.Be3 Rac8 22.Na4
Qxd5 23.Nxb6 axb6 24.Rxb6 c4 25.Rc1 Bd4 26.Bxd4 Qxb5 27.Rxb5 Rxd4 28.Rc2 Rd1+
29.Kh2 Rd3 30.a4 c3 31.a5 Rc7 32.f3 Rd2 33.Rxc3 Rxb2 34.Rxb2 Rxc3 35.Ra2 Rc7
36.a6 Ra7 37.Kg3 Kf6 38.Kf4 Ke6 39.Ke4 Kd6 40.f4 Ke6 41.g4 Kd6 42.f5 gxf5+
43.gxf5 Kc6 44.Ke5 Kc5 45.Ke6 Kc6 46.h4 h5 47.Rd2 Rxa6 48.Kxe7 Ra4 49.Rd6+
{#r} 1-0

[Event "11th BPB Limburg Open"]
[Site "masterchessopen.com Maastricht NED"]
[Date "2017.06.04"]
[Round "5.10"]
[White "Wedda,Dries"]
[Black "Ernst,S"]
[Result "0-1"]
[WhiteElo "2082"]
[BlackElo "2535"]

1.d4 Nf6 2.c4 c5 3.d5 b5 4.cxb5 a6 5.bxa6 g6 6.Nc3 Bg7 7.e4 O-O 8.Nf3 Qa5
9.Nd2 Bxa6 10.Bxa6 Qxa6 11.Qe2 d6 12.Nc4 Nbd7 13.O-O Rfb8 14.a3 Nb6 15.Nxb6
Qxe2 16.Nxe2 Rxb6 17.Nc3 Nd7 18.f4 Bd4+ 19.Kh1 Nf6 20.Re1 Bxc3 21.bxc3 Ra4
22.e5 Nxd5 23.g3 Nxc3 24.exd6 exd6 25.f5 Ne4 26.fxg6 hxg6 27.Re2 d5 28.Bb2 f5
29.g4 f4 30.Rd1 f3 31.Rc2 Rc4 32.Rxc4 dxc4 33.Be5 Nf2+ {#R} 0-1

[Event "9th Lublin GM 2017"]
[Site "masterchessopen.com Lublin POL"]
[Date "2017.06.05"]
[Round "2.3"]
[White "Jarmula,L"]
[Black "Molenda,Marcin"]
[Result "0-1"]
[WhiteElo "2444"]
[BlackElo "2421"]

1.d4 Nf6 2.c4 c5 3.d5 e6 4.Nc3 exd5 5.cxd5 d6 6.Nf3 g6 7.Bf4 a6 8.a4 Bg7 9.h3
Qe7 10.e3 Nbd7 11.Be2 O-O 12.O-O Ne8 13.e4 h6 14.Nd2 Ne5 15.Nc4 Nxc4 16.Bxc4
Bxc3 17.bxc3 Qxe4 18.Bxh6 Qxc4 19.Bxf8 Kxf8 20.Qf3 Kg7 21.Rfe1 Nf6 22.Qg3 Qxd5
23.Rad1 Qf5 24.f3 d5 25.Qc7 Qd7 26.Qxc5 Qxa4 27.Rb1 Qc4 28.Qe3 b5 29.Rb4 d4
30.Qe5 Qxc3 31.Rxd4 Bf5 32.Re3 Qb2 33.Re2 Qb1+ 34.Re1 Re8 35.Rxb1 Rxe5 36.Ra1
Re6 37.g4 Bc2 38.g5 Ng8 39.Rc1 Bf5 40.h4 a5 41.h5 gxh5 42.Rd5 Bg6 43.Rxb5 Ra6
44.f4 Ne7 45.Rc7 Nf5 46.Rcc5 Nd4 47.Rxa5 Rxa5 48.Rxa5 Ne2+ 49.Kf2 Nxf4 50.Kg3
Ne6 51.Kh4 Nd4 52.Kg3 Bc2 53.Rc5 Kg6 54.Rc4 Nf5+ 55.Kf4 Bb3 56.Rc6+ Be6 57.Rc5
Nd6 58.Ra5 h4 59.Ra6 Ne8 60.Ra8 Ng7 61.Ra5 Nh5+ 62.Kf3 Bf5 63.Ra7 Ng7 64.Ra8
Kxg5 65.Rg8 Kf6 66.Rh8 h3 67.Kf4 Ne6+ 68.Kg3 Ke5 69.Ra8 Nd4 70.Ra7 Be6 71.Ra1
Kf6 72.Ra5 Ne2+ 73.Kf2 Bg4 74.Ra6+ Kg5 75.Ra5+ f5 76.Ra8 Nc3 77.Kg3 Ne4+
78.Kh2 f4 79.Rg8+ Kf5 80.Rf8+ Ke5 81.Rg8 Be6 82.Re8 f3 83.Kg1 f2+ 84.Kf1 h2
{#R} 0-1

[Event "6th CHN w Masters 2017"]
[Site "masterchessopen.com Wuxi CHN"]
[Date "2017.06.03"]
[Round "8.4"]
[White "Zhao,Shengxin"]
[Black "Zhu,Jiner"]
[Result "0-1"]
[WhiteElo "2155"]
[BlackElo "2184"]

1.d4 f5 2.Nc3 Nf6 3.Bg5 d5 4.e3 Be6 5.Nf3 Nbd7 6.Bd3 c6 7.Bf4 g6 8.h4 Qb6
9.Rb1 Bg7 10.b4 Ne4 11.Na4 Qd8 12.Ng5 Bg8 13.f3 Nxg5 14.Bxg5 h6 15.Bf4 e5
16.dxe5 Nxe5 17.Qe2 Qe7 18.O-O Be6 19.e4 Nxd3 20.cxd3 O-O 21.g3 fxe4 22.dxe4
dxe4 23.Qxe4 Qf7 24.Rbe1 Bc4 25.Rf2 Rae8 26.Qb1 Rxe1+ 27.Qxe1 Bd4 {#R} 0-1

[Event "11th BPB Limburg Open"]
[Site "masterchessopen.com Maastricht NED"]
[Date "2017.06.05"]
[Round "7.3"]
[White "Leenhouts,K"]
[Black "Pruijssers,R"]
[Result "0-1"]
[WhiteElo "2475"]
[BlackElo "2502"]

1.d4 f5 2.g3 Nf6 3.Bg2 g6 4.Nf3 Bg7 5.O-O O-O 6.c4 d6 7.Nc3 c6 8.b3 Na6 9.Ba3
Qa5 10.Bb2 e5 11.Qd2 Qc7 12.d5 Nc5 13.dxc6 bxc6 14.Rfd1 Nce4 15.Nxe4 Nxe4
16.Qc2 Be6 17.Nd2 Ng5 18.Nf3 Nf7 19.Rd2 a5 20.h4 a4 21.Ng5 Nxg5 22.hxg5 f4
23.Rad1 fxg3 24.Rxd6 gxf2+ 25.Kf1 Bf5 26.Qc3 axb3 27.Rxc6 Qe7 28.axb3 Qxg5
29.Rc7 Bf6 30.Qf3 e4 31.Bxf6 Qxf6 32.Qe3 Ra1 33.Rxa1 Qxa1+ 34.Kxf2 Bd7+ 35.Bf3
exf3 36.Rxd7 fxe2+ 37.Kxe2 Qf1+ 38.Kd2 Rf2+ 39.Kc3 Rf3 40.Rd8+ Kf7 41.Rd7+ Kf6
42.Rd6+ Kf5 43.Rd5+ Kg4 44.Rd4+ Kg3 {#R} 0-1

[Event "11th BPB Limburg Open"]
[Site "masterchessopen.com Maastricht NED"]
[Date "2017.06.04"]
[Round "5.3"]
[White "Janssen,Ru"]
[Black "Pruijssers,R"]
[Result "0-1"]
[WhiteElo "2521"]
[BlackElo "2502"]

1.c4 f5 2.g3 Nf6 3.d4 g6 4.Bg2 Bg7 5.Nc3 O-O 6.Nf3 d6 7.O-O c6 8.Qb3 Qe8 9.Re1
Na6 10.e4 fxe4 11.Nxe4 Nxe4 12.Rxe4 e5 13.c5+ Be6 14.Qxb7 Bc4 15.Bf1 Bxf1
16.Kxf1 Rxf3 17.cxd6 Qf8 18.Qxa6 Rxf2+ 19.Ke1 Rxh2 {#R} 0-1

[Event "11th BPB Limburg Open"]
[Site "masterchessopen.com Maastricht NED"]
[Date "2017.06.02"]
[Round "1.8"]
[White "Meessen,M"]
[Black "Pruijssers,R"]
[Result "0-1"]
[WhiteElo "2207"]
[BlackElo "2502"]

1.d4 f5 2.g3 Nf6 3.Bg2 g6 4.Nf3 Bg7 5.O-O O-O 6.c4 d6 7.Nc3 c6 8.Rb1 Qc7 9.b4
e5 10.dxe5 dxe5 11.Qb3 Re8 12.b5 h6 13.bxc6 bxc6 14.Ba3 e4 15.Nd4 Kh7 16.Rfd1
Nbd7 17.Nc2 Rb8 18.Qa4 Rxb1 19.Nxb1 Nb6 20.Qb4 Ng4 21.c5 Nd5 22.Qa4 Bd7 23.Nb4
f4 24.Nxd5 cxd5 25.Qc2 fxg3 26.hxg3 e3 27.f4 Bf5 28.Qa4 Rb8 29.Bb4 Bxb1
30.Rxb1 a5 31.Bxd5 axb4 32.Rxb4 Rd8 33.Bf3 Nf2 34.c6 Qc8 35.g4 Nxg4 36.c7 Qxc7
37.Bxg4 Qc1+ 38.Kh2 Qe1 39.Rb7 Qf2+ 40.Kh3 h5 41.Bxh5 Qf1+ 42.Kh2 Kh6 43.Bf3
Rd4 44.Qa7 Qf2+ 45.Kh3 Rxf4 46.Bg4 Rxg4 47.Kxg4 Qf5+ {#R} 0-1

[Event "ch-POR Rapid 2017"]
[Site "masterchessopen.com Mirandela POR"]
[Date "2017.06.03"]
[Round "1.3"]
[White "Dias,Marcos Afonso"]
[Black "Padeiro,J"]
[Result "0-1"]
[WhiteElo "1454"]
[BlackElo "2271"]

1.e4 Nc6 2.Nf3 d6 3.d4 Nf6 4.Bd3 e5 5.dxe5 dxe5 6.O-O a6 7.b3 Bg4 8.h3 Bh5
9.Bb2 Bd6 10.Nbd2 O-O 11.Nc4 Qe7 12.Nxd6 Qxd6 13.Qe2 Rad8 14.Rfd1 Qc5 15.a4
Rfe8 16.Bc4 h6 17.Rxd8 Rxd8 18.Rd1 Rxd1+ 19.Qxd1 Nxe4 20.Qe2 Nd6 21.g4 Nxc4
22.gxh5 Nxb2 {#R} 0-1

[Event "11th BPB Limburg Open"]
[Site "masterchessopen.com Maastricht NED"]
[Date "2017.06.02"]
[Round "1.2"]
[White "Haast,A"]
[Black "Bauer,Ch"]
[Result "0-1"]
[WhiteElo "2266"]
[BlackElo "2630"]

1.e4 Nc6 2.Nf3 d6 3.d4 Nf6 4.Nc3 g6 5.Be3 Bg7 6.Qd2 O-O 7.O-O-O Bg4 8.Be2 a6
9.h4 e5 10.d5 Na7 11.Ng5 Nb5 12.f3 Bd7 13.h5 Nxc3 14.Qxc3 h6 15.Nh3 Nxh5
16.Qe1 Rc8 17.g4 Nf4 18.Nxf4 exf4 19.Bd4 Bxd4 20.Rxd4 Kg7 21.Rb4 b5 22.Qc3+ f6
23.Qd2 g5 24.a4 bxa4 25.Bxa6 Rb8 26.Bd3 Rxb4 27.Qxb4 Qa8 28.Qd4 Be8 29.Kb1 Qa5
30.c3 Bg6 31.Bc2 Ra8 32.Ka2 Qb5 33.Rh2 Qf1 34.Rf2 Qe1 35.Rh2 Qg3 36.Rf2 h5
37.gxh5 Bxh5 38.Bd1 Bf7 39.Qd2 Qg1 40.c4 Rh8 41.Bxa4 Rh1 42.Ka3 Qa1+ 43.Kb4
Rc1 44.b3 Bh5 45.Bd7 Qa7 46.Qxc1 Qxf2 47.Bf5 Bxf3 48.Qa1 g4 49.Qa8 Bxe4
50.Bxg4 Qc5+ 51.Ka4 Bc2 52.Qa6 f5 53.Be2 Qe3 54.Qb7 Kf6 55.Qb8 Qxe2 56.Qh8+
Kg5 57.Qg7+ Kh4 58.Qxc7 Kg3 59.Kb4 Qe5 60.Qh7 f3 61.Qg6+ Kf2 62.Qh6 Ke2 63.Qc1
Bd3 64.Qh1 f2 65.Qh5+ Kd2 66.Qh6+ f4 {#R} 0-1

[Event "10th KIIT Elite Open 2017"]
[Site "masterchessopen.com Bhubaneswar IND"]
[Date "2017.05.31"]
[Round "8.2"]
[White "Nitin,S"]
[Black "Singh,SV"]
[Result "1-0"]
[WhiteElo "2426"]
[BlackElo "2213"]

1.e4 b6 2.d4 Bb7 3.Bd3 Nf6 4.Nd2 e6 5.Ngf3 d5 6.e5 Nfd7 7.O-O c5 8.c3 Ba6
9.Bxa6 Nxa6 10.Qa4 Nc7 11.dxc5 Bxc5 12.c4 O-O 13.cxd5 Nxd5 14.Qg4 Qc7 15.Nc4
b5 16.Bh6 g6 17.Bxf8 Rxf8 18.Ncd2 Nxe5 19.Qe4 Nxf3+ 20.Nxf3 Rc8 21.Rac1 Qb6
22.Qh4 Kg7 23.Ne5 Rc7 24.Nd3 Be7 25.Qe4 Bf6 26.Rxc7 Qxc7 27.Nb4 Qc5 28.Nxd5
exd5 29.Qb1 d4 30.Rd1 Bd8 31.Qd3 Bb6 32.b3 h5 33.h4 Qa3 34.Qe2 Qc5 35.g3 Ba5
36.Qe4 Bc3 37.Rd3 f5 38.Qe6 Qa3 39.Qe5+ Kh7 40.Kg2 Qxa2 41.Qe7+ Kh6 42.Qf8+
Kh7 43.Qf7+ Kh6 44.Qg8 {#r} 1-0

[Event "10th Mayors Cup Open 2017"]
[Site "masterchessopen.com Mumbai IND"]
[Date "2017.06.04"]
[Round "1.29"]
[White "Karthik,V4"]
[Black "Priyanka,K"]
[Result "1-0"]
[WhiteElo "2317"]
[BlackElo "2051"]

1.e4 d5 2.Nc3 dxe4 3.Nxe4 Qd5 4.Nc3 Qa5 5.d4 Nf6 6.Nf3 Bf5 7.Bc4 c6 8.Bd2 e6
9.Nd5 Qd8 10.Nxf6+ gxf6 11.Qe2 Bxc2 12.O-O Be7 13.Rfe1 Bg6 14.Bxe6 fxe6
15.Qxe6 Qd7 16.Qxf6 Rf8 17.Qg7 Rf7 18.Qg8+ Rf8 19.Qb3 Kd8 20.Rxe7 Kxe7 21.Bg5+
Kd6 22.Qb4+ Kc7 23.Qxf8 Qe8 24.Qf4+ Kc8 25.Re1 Qf7 26.Qd6 Nd7 27.Bf4 {#r} 1-0

[Event "ch-POR Rapid 2017"]
[Site "masterchessopen.com Mirandela POR"]
[Date "2017.06.03"]
[Round "2.1"]
[White "Galego,L"]
[Black "Monteiro,S"]
[Result "1-0"]
[WhiteElo "2482"]
[BlackElo "1769"]

1.e4 d5 2.exd5 Qxd5 3.Nc3 Qa5 4.Rb1 c6 5.b4 Qc7 6.Bc4 Nf6 7.h3 Bf5 8.Nf3 h6
9.O-O e6 10.Re1 Bd6 11.Nd4 O-O 12.Nxf5 exf5 13.d3 Nbd7 14.Qf3 b5 15.Bb3 Bxb4
16.Bxf7+ Kxf7 17.Rxb4 Qa5 18.a3 c5 19.Rb3 b4 20.Nd5 bxa3 21.Re7+ Kg8 22.Rxa3
Qd8 23.Qxf5 Rf7 24.Rxf7 Kxf7 25.Nxf6 Nxf6 26.Qxc5 a5 27.Bd2 Rc8 28.Qxa5 Qxa5
29.Rxa5 Rxc2 30.Be3 Ke6 31.Ra6+ Kd5 32.Bxh6 {#r} 1-0

[Event "6th CHN w Masters 2017"]
[Site "masterchessopen.com Wuxi CHN"]
[Date "2017.05.31"]
[Round "5.4"]
[White "Zhu,Jiner"]
[Black "Huang Qian"]
[Result "0-1"]
[WhiteElo "2184"]
[BlackElo "2444"]

1.e4 d5 2.exd5 Qxd5 3.Nc3 Qd6 4.d4 Nf6 5.Nf3 a6 6.Bc4 e6 7.O-O Be7 8.Qe2 b5
9.Bd3 Bb7 10.Ne4 Nxe4 11.Bxe4 Bxe4 12.Qxe4 Qd5 13.Qf4 Nc6 14.Qg3 O-O 15.Bf4
Bd6 16.c3 Ne7 17.Ne5 Nf5 18.Qg4 Bxe5 19.Bxe5 c5 20.Rfd1 f6 21.Bc7 cxd4 22.Bb6
d3 23.Qf3 Qxf3 24.gxf3 Rfb8 25.Ba5 Ne7 26.Rxd3 Nd5 27.Rd4 Rc8 28.Re1 Rc6 29.b3
Rac8 30.c4 bxc4 31.Rxc4 Kf7 32.Rec1 Rxc4 33.Rxc4 Rxc4 34.bxc4 Nf4 35.Kf1 e5
36.Bc3 Ke6 37.Ke1 Nd3+ 38.Ke2 Nf4+ 39.Ke3 h5 40.Bb4 g6 41.Bc3 Kf5 42.Bd2 Ne6
43.Bb4 Nd4 44.Bc3 Nc6 45.Bd2 g5 46.Bc3 Ke6 47.Kd3 h4 48.Bb2 h3 49.Ke3 Nb4
50.a3 Nc6 51.Bc3 Ne7 52.Bb4 Nf5+ 53.Ke4 Nh4 54.Bc3 f5+ 55.Ke3 g4 56.fxg4 fxg4
57.f4 g3 {#R} 0-1

[Event "10th KIIT Elite Open 2017"]
[Site "masterchessopen.com Bhubaneswar IND"]
[Date "2017.05.31"]
[Round "8.18"]
[White "Arjun,Kalyan"]
[Black "Srijit,Paul"]
[Result "1-0"]
[WhiteElo "2322"]
[BlackElo "2248"]

1.e4 Nf6 2.e5 Nd5 3.d4 d6 4.Nf3 dxe5 5.Nxe5 g6 6.Bc4 c6 7.O-O Bg7 8.Re1 O-O
9.h3 Be6 10.Bb3 Nc7 11.c3 Nd7 12.Nf3 Bxb3 13.Qxb3 Nb6 14.Nbd2 Ne6 15.Ne4 Qd5
16.Nfg5 Nxg5 17.Bxg5 Rfe8 18.Re2 Qxb3 19.axb3 Nd7 20.Rae1 Kf8 21.Bf4 Red8
22.Bc7 Rdc8 23.Bg3 Kg8 24.Ra1 a6 25.b4 Bf8 26.Rd2 f5 27.Ng5 Bh6 28.Bf4 e5
29.dxe5 Bxg5 30.Bxg5 Nxe5 31.Re1 Nc4 32.Rd7 Re8 33.Rxe8+ Rxe8 34.Rxb7 Nxb2
35.Be3 Nc4 36.Bd4 Re1+ 37.Kh2 Nd2 38.Kg3 g5 39.f3 h6 40.Kf2 Ra1 41.Rg7+ Kf8
42.Rg6 f4 43.Rxh6 Ra2 44.Rxc6 Nb3+ 45.Kg1 Ra1+ 46.Kf2 Ra2+ 47.Kg1 Rc2 48.Rxa6
Rc1+ 49.Kh2 Ke8 50.h4 {#r} 1-0

[Event "10th Mayors Cup Open 2017"]
[Site "masterchessopen.com Mumbai IND"]
[Date "2017.06.05"]
[Round "2.10"]
[White "Sekar,B"]
[Black "Neelotpal,D"]
[Result "0-1"]
[WhiteElo "2247"]
[BlackElo "2438"]

1.e4 g6 2.d4 Bg7 3.Nc3 a6 4.h4 h5 5.Be3 b5 6.Qd2 d6 7.Nh3 Nf6 8.f3 Bxh3 9.Rxh3
Nbd7 10.O-O-O Qc8 11.Kb1 Nb6 12.Bd3 b4 13.Ne2 c5 14.dxc5 dxc5 15.e5 Nfd5
16.Be4 e6 17.Qd3 O-O 18.Bc1 Rd8 19.Ka1 Qc7 20.Rhh1 Nc3 {#R} 0-1

[Event "11th BPB Limburg Open"]
[Site "masterchessopen.com Maastricht NED"]
[Date "2017.06.04"]
[Round "4.8"]
[White "Van Dooren,D"]
[Black "Nguyen,Kevin"]
[Result "1-0"]
[WhiteElo "2355"]
[BlackElo "2131"]

1.e4 g6 2.d4 Bg7 3.Nc3 d6 4.Be3 a6 5.Qd2 b5 6.Bd3 Nd7 7.Nf3 Bb7 8.a4 c6 9.O-O
Qc7 10.axb5 cxb5 11.Nd5 Bxd5 12.exd5 Qb7 13.Qa5 Ngf6 14.Bxb5 Rb8 15.Bc6 Qxb2
16.Qa4 Qb4 17.Qa2 Qb2 18.Rfb1 {#r} 1-0

[Event "10th KIIT Elite Open 2017"]
[Site "masterchessopen.com Bhubaneswar IND"]
[Date "2017.06.02"]
[Round "10.14"]
[White "Das,Say"]
[Black "Muthaiah,AL"]
[Result "0-1"]
[WhiteElo "2396"]
[BlackElo "2289"]

1.e4 d6 2.d4 Nf6 3.Nc3 c6 4.f4 g6 5.Nf3 Bg7 6.Bd3 O-O 7.O-O Na6 8.a3 c5 9.e5
Nd7 10.exd6 cxd4 11.Nb5 exd6 12.b4 Nab8 13.Bb2 Nc6 14.Qd2 Qb6 15.Nxd6 a6
16.Kh1 Qc7 17.Ne4 Nb6 18.c4 Na4 19.Bc1 f5 20.Nf2 Re8 21.Qc2 Nc3 22.Bd2 b6
23.Rae1 Bb7 24.c5 h6 25.Nh4 Ne7 26.Re6 bxc5 27.Bxc3 Bd5 28.Qe2 c4 29.Bxf5 gxf5
30.Nxf5 Nxf5 31.Rxe8+ Rxe8 32.Qxe8+ Kh7 33.Ne4 dxc3 34.Ng5+ hxg5 35.Qh5+ Kg8
36.Qe8+ Bf8 37.Qg6+ Ng7 38.f5 Qf7 39.Qxg5 Qh5 40.Qd8 Bf7 41.Qd4 Nxf5 42.Qxc3
Bg7 43.Qe1 c3 44.Rf3 c2 45.Qd2 Nd4 46.Rd3 Qe2 {#R} 0-1

[Event "Mateu Chalmeta Mem 2017"]
[Site "masterchessopen.com Sant Boi ESP"]
[Date "2017.06.02"]
[Round "7.2"]
[White "Ros Alonso,Jaume"]
[Black "Cruz,F"]
[Result "0-1"]
[WhiteElo "2211"]
[BlackElo "2346"]

1.e4 c6 2.d4 d6 3.Nc3 Nf6 4.f4 Qa5 5.Bd3 e5 6.Nf3 Bg4 7.O-O exd4 8.Ne2 Bxf3
9.Rxf3 Qb6 10.Kh1 Nbd7 11.c3 dxc3 12.Nxc3 Be7 13.Qe2 Qc7 14.Re3 h5 15.e5 dxe5
16.fxe5 Ng4 17.Ne4 Ndxe5 18.Ng3 Nxe3 19.Bxe3 Nxd3 20.Qxd3 Qd7 21.Qe4 Qd5
22.Qxd5 cxd5 23.Nf5 Bf6 24.Nd6+ Kf8 25.Bc5 b6 26.Ba3 Be7 27.Rd1 Bxd6 28.Bxd6+
Kg8 29.Rxd5 Rd8 {#R} 0-1

[Event "10th KIIT Elite Open 2017"]
[Site "masterchessopen.com Bhubaneswar IND"]
[Date "2017.05.31"]
[Round "8.1"]
[White "Nguyen Duc Hoa"]
[Black "Rahman,Zia"]
[Result "1-0"]
[WhiteElo "2481"]
[BlackElo "2526"]

1.e4 g6 2.d4 Bg7 3.Nf3 d6 4.Nc3 Nf6 5.Be2 O-O 6.O-O c6 7.h3 Nbd7 8.Be3 Qc7
9.a4 b6 10.Re1 Bb7 11.Qd2 Rad8 12.Bc4 c5 13.d5 Ne5 14.Nxe5 dxe5 15.Qe2 Nh5
16.a5 Nf4 17.Bxf4 exf4 18.e5 Kh8 19.a6 Ba8 20.Rad1 Qc8 21.Nb5 Qxa6 22.Nd6 b5
23.Nxb5 Qb6 24.d6 e6 25.c3 Bc6 26.Nc7 Rb8 27.b3 h5 28.f3 Bh6 29.Ra1 a5 30.Qa2
a4 31.bxa4 Qa5 32.Bb5 Bb7 33.Nxe6 fxe6 34.Qxe6 Rg8 35.Qf6+ Kh7 36.e6 Bg7
37.Qg5 c4 38.Rad1 Rgf8 39.e7 Qb6+ 40.Kf1 Rf5 41.Qxf5 gxf5 42.d7 Bxc3 43.d8=Q
Qg6 44.e8=Q {#r} 1-0

[Event "10th KIIT Elite Open 2017"]
[Site "masterchessopen.com Bhubaneswar IND"]
[Date "2017.05.31"]
[Round "8.22"]
[White "Saravana,Kr"]
[Black "Senthil,Maran K"]
[Result "1-0"]
[WhiteElo "2345"]
[BlackElo "2111"]

1.e4 c6 2.Nf3 d5 3.Nc3 Nf6 4.e5 Ne4 5.Ne2 Qb6 6.d4 e6 7.Nfg1 f6 8.f3 Ng5
9.exf6 gxf6 10.f4 Ne4 11.Ng3 Bb4+ 12.c3 Nxc3 13.bxc3 Bxc3+ 14.Bd2 Qxd4 15.Rc1
Bxd2+ 16.Qxd2 Qxd2+ 17.Kxd2 e5 18.Be2 Be6 19.Nf3 Nd7 20.Rhe1 Ke7 21.Rb1 b5
22.Rbc1 Rac8 23.fxe5 fxe5 24.Ng5 Rhg8 25.Nxe6 Kxe6 26.Rc3 Nb6 27.Rf1 e4 28.Rf4
Nc4+ 29.Bxc4 bxc4 30.Ra3 Rcf8 31.Rh4 Rf2+ 32.Ke3 Rxg2 33.Rxa7 Kd6 34.Nf5+ Kc5
35.Rhxh7 c3 36.Rhb7 R8g6 37.Ra5+ Kc4 38.Ra4+ Kc5 39.a3 Rb2 40.Rxb2 cxb2 41.Rb4
Rg2 42.h3 Rh2 43.h4 Rh3+ 44.Kf4 Rf3+ 45.Ke5 Rxa3 46.Rxb2 Rh3 47.Rc2+ Kb6
48.Kd6 Kb7 49.Rb2+ Ka7 50.Nd4 Rxh4 51.Nxc6+ {#r} 1-0